[Event "SR 2. liga A 2014/2015"]
[Site "?"]
[Date "2014.10.11"]
[Round "1.5"]
[White "Diviak, Rastislav"]
[Black "Mikulas, Dusan"]
[Result "0-1"]
[WhiteElo "2001"]
[BlackElo "2073"]
[PlyCount "90"]
[EventDate "2014.??.??"]

1. e4 e5 2. Nf3 Nc6 3. Bb5 g6 4. O-O Bg7 5. c3 Nge7 6. d4 a6 7. Ba4 b5 8. Bc2
exd4 9. cxd4 d6 10. h3 O-O 11. Nc3 Nb4 12. Bb3 c5 13. a3 Nbc6 14. Be3 c4 15.
Bc2 d5 16. e5 Bf5 17. g4 Bxc2 18. Qxc2 Qd7 19. Kg2 f5 20. exf6 Rxf6 21. Ne2
Raf8 22. Nfg1 h5 23. f3 R6f7 24. Qd2 Qc7 25. Rad1 a5 26. Bg5 b4 27. axb4 axb4
28. Qe3 Qd6 29. Ng3 hxg4 30. hxg4 Bf6 31. Bxf6 Rxf6 32. Rfe1 Qf4 33. Qxf4 Rxf4
34. Re3 R8f7 35. Nh3 Rxd4 36. Ra1 Rd2+ 37. Re2 Rxe2+ 38. Nxe2 Rf8 39. Nef4 b3
40. Ne6 Rb8 41. Nhf4 Kf7 42. Nc7 d4 43. Ne2 Rb7 44. Na8 Nd5 45. Rd1 Ne3+ 0-1

[Event "SR 2. liga A 2014/2015"]
[Site "?"]
[Date "2014.10.11"]
[Round "1.5"]
[White "Kolman, Richard"]
[Black "Nemeckay, Rastislav"]
[Result "1/2-1/2"]
[WhiteElo "2029"]
[BlackElo "1985"]
[PlyCount "38"]
[EventDate "2014.??.??"]

1. d4 d5 2. c4 c6 3. Nc3 Nf6 4. cxd5 cxd5 5. Bf4 e6 6. e3 Nc6 7. Bd3 Bd6 8.
Nge2 O-O 9. O-O Ne7 10. Qc2 Bxf4 11. Nxf4 Bd7 12. b4 Rc8 13. Rfc1 Ng6 14. Nxg6
hxg6 15. Qb3 Qe7 16. Rc2 Rc7 17. Rac1 Rfc8 18. a4 Qd6 19. g3 Kh7 1/2-1/2

[Event "SR 2. liga A 2014/2015"]
[Site "?"]
[Date "2014.10.11"]
[Round "1.5"]
[White "Ocko, Martin"]
[Black "Kuna, Vladimir"]
[Result "1/2-1/2"]
[WhiteElo "1857"]
[BlackElo "1989"]
[PlyCount "68"]
[EventDate "2014.??.??"]

1. e4 c5 2. Nf3 d6 3. d4 cxd4 4. Nxd4 Nf6 5. Nc3 a6 6. Be2 e6 7. Be3 Qc7 8. O-O
Nbd7 9. f4 b5 10. Bf3 Bb7 11. f5 e5 12. Nb3 Rc8 13. a3 Be7 14. Kh1 h6 15. Rc1
O-O 16. Qe1 Nh7 17. Qg3 Kh8 18. Rfd1 Ndf6 19. Rd2 Rfd8 20. Rcd1 Ba8 21. Qf2 Rb8
22. Qe2 Rbc8 23. Rg1 Kg8 24. Qf2 Rb8 25. Qe2 Rbc8 26. g4 Nd7 27. Qf2 Ng5 28.
Bxg5 Bxg5 29. Rd3 Nc5 30. Nxc5 dxc5 31. Rgd1 Rxd3 32. Rxd3 c4 33. Rd1 Rd8 34.
Qe2 Bf4 1/2-1/2

[Event "SR 2. liga A 2014/2015"]
[Site "?"]
[Date "2014.10.11"]
[Round "1.5"]
[White "Klimes, Milan"]
[Black "Sobek, Michal"]
[Result "1-0"]
[WhiteElo "1869"]
[BlackElo "1684"]
[PlyCount "101"]
[EventDate "2014.??.??"]

1. c4 e5 2. Nc3 Nf6 3. e4 Nc6 4. Nf3 Bb4 5. Qc2 d6 6. Be2 O-O 7. O-O Re8 8. d3
Bg4 9. Be3 Qd7 10. Nd5 Nxd5 11. cxd5 Ne7 12. Rac1 c6 13. Qb3 Ba5 14. dxc6 Nxc6
15. Qd1 d5 16. Ng5 Bxe2 17. Qxe2 f6 18. Nf3 d4 19. Bd2 Bxd2 20. Qxd2 f5 21.
Rfe1 fxe4 22. Rxe4 Qd5 23. a3 Rad8 24. h4 Rd6 25. Rce1 Rde6 26. Ng5 Rf6 27. Qe2
h6 28. Nh3 Ref8 29. f3 Rg6 30. h5 Rgf6 31. Nf2 Rf5 32. Rh4 Qf7 33. Ng4 Re8 34.
Qf2 Rf8 35. Qg3 Qe6 36. Re4 Rf4 37. Nxe5 Rxh4 38. Qxh4 Nxe5 39. f4 Qb3 40. fxe5
Qxd3 41. Rxd4 Qe3+ 42. Kh2 Qxe5+ 43. Kh3 Qe3+ 44. g3 Qe2 45. Rf4 Re8 46. Qg4
Qxb2 47. Qg6 Qe5 48. Qf7+ Kh8 49. Rg4 Re7 50. Qg6 Rd7 51. Re4 1-0

[Event "SR 2. liga A 2014/2015"]
[Site "?"]
[Date "2014.10.11"]
[Round "1.6"]
[White "Federic, Jozef"]
[Black "Balogh, Tomas"]
[Result "1/2-1/2"]
[WhiteElo "2305"]
[BlackElo "2358"]
[PlyCount "34"]
[EventDate "2014.??.??"]

1. d4 d5 2. Nf3 e6 3. c4 Nf6 4. g3 c5 5. Bg2 cxd4 6. cxd5 Qxd5 7. Qxd4 Nc6 8.
Qxd5 Nxd5 9. O-O Be7 10. Rd1 O-O 11. Bg5 f6 12. Bd2 Rd8 13. Nc3 Nxc3 14. Bxc3
Rxd1+ 15. Rxd1 e5 16. Ne1 Be6 17. Bd5 Bxd5 1/2-1/2

[Event "SR 2. liga A 2014/2015"]
[Site "?"]
[Date "2014.10.11"]
[Round "1.6"]
[White "Slacky, Stanislav"]
[Black "Matejovic, Juraj"]
[Result "1/2-1/2"]
[WhiteElo "2191"]
[BlackElo "2203"]
[PlyCount "55"]
[EventDate "2014.??.??"]

1. d4 Nf6 2. c4 g6 3. Nf3 Bg7 4. g3 O-O 5. Bg2 d6 6. Nc3 c5 7. O-O Nc6 8. dxc5
dxc5 9. Be3 Bf5 10. Qxd8 Rfxd8 11. Bxc5 Ne4 12. Nxe4 Bxe4 13. Ba3 Bxf3 14. Bxf3
Rd2 15. Kg2 Rad8 16. Rab1 R8d7 17. Bc5 Bd4 18. Ba3 Bf6 19. Rfc1 Ne5 20. Bc5
Nxf3 21. Kxf3 Bxb2 22. Re1 Bf6 23. Bxa7 Rxa2 24. Be3 Rc2 25. c5 Rb2 26. Rec1
Rxb1 27. Rxb1 Kf8 28. Rb6 1/2-1/2

[Event "SR 2. liga A 2014/2015"]
[Site "?"]
[Date "2014.10.11"]
[Round "1.6"]
[White "Dugovic, Branislav"]
[Black "Micek, Jaroslav"]
[Result "1-0"]
[WhiteElo "2207"]
[BlackElo "2112"]
[PlyCount "131"]
[EventDate "2014.??.??"]

1. Nf3 Nc6 2. d4 d5 3. c4 Bg4 4. cxd5 Bxf3 5. gxf3 Qxd5 6. e3 e5 7. Nc3 Bb4 8.
Bd2 Bxc3 9. bxc3 Qd6 10. Rb1 b6 11. Rg1 g6 12. f4 exd4 13. cxd4 Nge7 14. Qa4
O-O 15. Bg2 Nd5 16. Rc1 Nce7 17. Qc4 Rac8 18. Bh3 Rcd8 19. e4 Nxf4 20. e5 Qd5
21. Bxf4 Qf3 22. Bg5 Rfe8 23. Bg2 Qg4 24. Be3 Nf5 25. Qe2 Qh4 26. Bc6 Re6 27.
Qg4 Qxh2 28. Rg2 Qh1+ 29. Kd2 Qh4 30. Qxh4 Nxh4 31. Rg4 Nf5 32. Ke2 h5 33. Re4
Ne7 34. Ba4 Nd5 35. Bb3 c6 36. Bxd5 Rxd5 37. Rh4 f5 38. f4 Kf7 39. Rhh1 Ra5 40.
Rc2 Ke7 41. Rhc1 Kd7 42. Rb1 Ra3 43. Rb3 Rxb3 44. axb3 a5 45. Kd3 Re8 46. Rg2
Rg8 47. Rc2 Rc8 48. d5 b5 49. Rxc6 Rxc6 50. dxc6+ Kxc6 51. Kd4 h4 52. Bf2 h3
53. Bg3 Kb6 54. Bh2 Kc6 55. Bg1 a4 56. bxa4 bxa4 57. Kc4 a3 58. Kb3 Kd5 59. Bh2
Ke4 60. e6 Kf3 61. e7 Kg2 62. e8=Q Kxh2 63. Qxg6 Kh1 64. Qxf5 h2 65. Qe4+ Kg1
66. f5 1-0

[Event "SR 2. liga A 2014/2015"]
[Site "?"]
[Date "2014.10.11"]
[Round "1.6"]
[White "Dujava, Daniel"]
[Black "Mydlarik, Martin"]
[Result "0-1"]
[WhiteElo "2078"]
[BlackElo "2138"]
[PlyCount "96"]
[EventDate "2014.??.??"]

1. e4 e6 2. d4 d5 3. Nc3 Bb4 4. e5 c5 5. a3 Bxc3+ 6. bxc3 Qc7 7. Qg4 Ne7 8.
Qxg7 Rg8 9. Qxh7 cxd4 10. Ne2 dxc3 11. f4 Nbc6 12. Qd3 Bd7 13. Nxc3 Na5 14. Nb5
Bxb5 15. Qxb5+ Nac6 16. Rb1 O-O-O 17. Qc5 d4 18. Bd2 Rd5 19. Qc4 Nf5 20. g3 Ne3
21. Bxe3 dxe3 22. Bd3 Qa5+ 23. Kf1 Rgd8 24. Rg1 Qxa3 25. Ke2 Rc5 26. Ra1 Qxa1
27. Rxa1 Rxc4 28. Bxc4 Nd4+ 29. Kf1 b5 30. Bd3 Kb7 31. c3 Nb3 32. Ra3 Rxd3 33.
Rxb3 Kc6 34. Ke2 Rd2+ 35. Kxe3 Rxh2 36. g4 a5 37. f5 a4 38. Rb4 Kc5 39. fxe6
fxe6 40. Rb1 Rh3+ 41. Kf4 Rxc3 42. g5 Rc4+ 43. Kf3 Rd4 44. g6 a3 45. g7 Rd8 46.
Ke4 b4 47. Rf1 Rg8 48. Rf7 Kc4 0-1

[Event "SR 2. liga A 2014/2015"]
[Site "?"]
[Date "2014.10.11"]
[Round "1.6"]
[White "Petrakovic, Kamil"]
[Black "Pytlik, Pavol"]
[Result "1/2-1/2"]
[WhiteElo "1808"]
[BlackElo "2027"]
[PlyCount "83"]
[EventDate "2014.??.??"]

1. e4 e6 2. Nc3 d5 3. exd5 exd5 4. Nf3 c6 5. d3 Bd6 6. Be2 Ne7 7. O-O O-O 8.
Re1 Na6 9. Bd2 Nc7 10. Nd4 c5 11. Ndb5 Nxb5 12. Nxb5 Bb8 13. Bf3 a6 14. Nc3 Be6
15. Ne2 Ng6 16. b3 Ne5 17. Nf4 Nxf3+ 18. Qxf3 Qh4 19. Qg3 Qxg3 20. hxg3 Bxf4
21. Bxf4 Rfc8 22. Re5 Rc6 23. Rae1 h6 24. c4 dxc4 25. dxc4 b5 26. cxb5 axb5 27.
R5e2 c4 28. bxc4 bxc4 29. Bc1 c3 30. a3 Rd8 31. f3 Rd3 32. Kf2 Bb3 33. Re3 Rd7
34. g4 Bd1 35. Re8+ Kh7 36. Rb8 c2 37. Rb4 Rcd6 38. Rc4 Rd3 39. Re3 R3d5 40.
Rcc3 Rb5 41. Rb3 Rbd5 42. Rbc3 1/2-1/2

[Event "SR 2. liga A 2014/2015"]
[Site "?"]
[Date "2014.10.11"]
[Round "1.6"]
[White "Svaralova, Monika"]
[Black "Hlubovic, Michal"]
[Result "1-0"]
[WhiteElo "1958"]
[BlackElo "1776"]
[PlyCount "83"]
[EventDate "2014.??.??"]

1. d4 Nf6 2. c4 d6 3. Nc3 g6 4. e4 Bg7 5. Nf3 O-O 6. Be2 Nbd7 7. O-O e5 8. d5
h6 9. b4 b6 10. Ba3 a5 11. Qc2 axb4 12. Bxb4 Nh7 13. a4 Nb8 14. a5 Na6 15. Ba3
bxa5 16. c5 Bg4 17. Bxa6 Rxa6 18. Nd2 f5 19. f3 Bh5 20. Nb5 Qd7 21. Qd3 dxc5
22. Bxc5 Rfa8 23. Qc4 Kh8 24. Ba3 Nf6 25. Nxc7 Rc8 26. Qxa6 Rxc7 27. Rfc1 fxe4
28. Rxc7 Qxc7 29. Rc1 Qd7 30. fxe4 Qa4 31. Qc8+ Kh7 32. Qc3 Nxe4 33. Nxe4 Qxe4
34. d6 Qd5 35. Qc5 Qd2 36. Kh1 e4 37. Qc2 Qf4 38. Qc7 e3 39. Bb2 Qf8 40. Qxg7+
Qxg7 41. Bxg7 Kxg7 42. d7 1-0

[Event "SR 2. liga A 2014/2015"]
[Site "?"]
[Date "2014.10.11"]
[Round "1.6"]
[White "Soldan, Jan"]
[Black "Prochazka, Jaromir"]
[Result "0-1"]
[WhiteElo "1763"]
[BlackElo "1945"]
[PlyCount "74"]
[EventDate "2014.??.??"]

1. e4 e5 2. Nf3 d6 3. c3 Nf6 4. d3 Nc6 5. Bg5 Be7 6. Be2 O-O 7. Nbd2 d5 8. Qc2
Be6 9. h3 h6 10. Bh4 Qd7 11. g4 Nh7 12. Bxe7 Qxe7 13. exd5 Bxd5 14. c4 Be6 15.
O-O-O a5 16. Qc3 Qb4 17. Nb1 Nf6 18. g5 hxg5 19. Nxg5 Bf5 20. Rd2 Rfd8 21. f3
Rd4 22. Ne4 Qe7 23. Nxf6+ Qxf6 24. a3 Rad8 25. h4 Rxh4 26. Rxh4 Qxh4 27. Qb3 b6
28. Nc3 Nd4 29. Qd1 c6 30. Ne4 Qf4 31. Kb1 Qe3 32. Ng3 Bg6 33. Nf1 Qf2 34. f4
Nxe2 35. Ka1 Rxd3 36. Ng3 Rxd2 37. Qxd2 Qg1+ 0-1

[Event "SR 2. liga A 2014/2015"]
[Site "?"]
[Date "2014.10.11"]
[Round "1.6"]
[White "Kis, Tomas"]
[Black "Jezek, Filip"]
[Result "1-0"]
[WhiteElo "1745"]
[BlackElo "1181"]
[PlyCount "81"]
[EventDate "2014.??.??"]

1. b4 e5 2. Bb2 Nc6 3. b5 Nd4 4. e3 Nf5 5. Bxe5 d6 6. Bb2 Be7 7. c4 Nf6 8. Nc3
O-O 9. Nf3 Re8 10. Be2 Bf8 11. Qc2 h6 12. O-O c6 13. a4 Bd7 14. d4 d5 15. Ne5
dxc4 16. bxc6 bxc6 17. Nxc4 Nd6 18. Bd3 Nxc4 19. Bxc4 Be6 20. Ne2 Rb8 21. Bxe6
Rxe6 22. Nf4 Rd6 23. Ba3 Rd7 24. Bxf8 Qxf8 25. Qxc6 Rb6 26. Qc2 Qd6 27. Rfc1
Rd8 28. Qc7 Rbb8 29. Qxd6 Rxd6 30. Rc7 Rdb6 31. g3 g5 32. Nd3 Kg7 33. Ne5 Nd5
34. Rxf7+ Kg8 35. Rxa7 R6b7 36. Rxb7 Rxb7 37. a5 Ne7 38. a6 Ra7 39. e4 Kf8 40.
d5 Ke8 41. d6 1-0

[Event "SR 2. liga A 2014/2015"]
[Site "?"]
[Date "2014.10.12"]
[Round "2.1"]
[White "Lanc, Alois"]
[Black "Bronis, Marian"]
[Result "1-0"]
[WhiteElo "2344"]
[BlackElo "2157"]
[PlyCount "57"]
[EventDate "2014.??.??"]

1. e4 c5 2. Nf3 a6 3. Nc3 e6 4. d4 cxd4 5. Nxd4 b5 6. Bd3 Bb7 7. O-O d6 8. a3
Nf6 9. Kh1 Be7 10. f4 Nbd7 11. Qe2 Qc7 12. Bd2 Qc5 13. Nb3 Qc7 14. Rae1 e5 15.
a4 bxa4 16. Nxa4 O-O 17. Na5 exf4 18. Nxb7 Qxb7 19. Bxf4 Ne5 20. Bxe5 dxe5 21.
b3 Rfd8 22. Qf3 Qb4 23. Re2 Rd7 24. Nb2 Bd6 25. Qh3 Re7 26. Nc4 Ne8 27. Ref2 f6
28. Ne3 Bc5 29. Nd5 1-0

[Event "SR 2. liga A 2014/2015"]
[Site "?"]
[Date "2014.10.12"]
[Round "2.1"]
[White "Duriga, Stefan"]
[Black "Kavon, Rastislav"]
[Result "1/2-1/2"]
[WhiteElo "2239"]
[BlackElo "2153"]
[PlyCount "57"]
[EventDate "2014.??.??"]

1. d4 Nf6 2. c4 g6 3. Nc3 Bg7 4. e4 d6 5. f3 O-O 6. Be3 e5 7. d5 Nh5 8. Qd2 f5
9. O-O-O Nd7 10. Nge2 Nb6 11. b3 a5 12. Kb2 Nd7 13. Nc1 b6 14. Nd3 Ba6 15. Rc1
Nc5 16. Nxc5 dxc5 17. Bd3 Bc8 18. Rhd1 Rf7 19. Bf1 Bf8 20. a4 Ng7 21. h3 f4 22.
Bf2 Be7 23. Nb5 Ne8 24. Kb1 Bd7 25. Qb2 Bxb5 26. cxb5 Bd6 27. Bc4 Ng7 28. Rh1
Nh5 29. Rcd1 1/2-1/2

[Event "SR 2. liga A 2014/2015"]
[Site "?"]
[Date "2014.10.12"]
[Round "2.1"]
[White "Lukac, Tomas"]
[Black "Biro, Karol"]
[Result "1/2-1/2"]
[WhiteElo "2049"]
[BlackElo "2136"]
[PlyCount "47"]
[EventDate "2014.??.??"]

1. d4 d6 2. Nf3 Nf6 3. c4 c6 4. g3 Bf5 5. Bg2 Nbd7 6. Nc3 Ne4 7. Nh4 Nxc3 8.
bxc3 Bg6 9. Qb3 Qc7 10. Bg5 e6 11. O-O Be7 12. Bxe7 Kxe7 13. e4 f6 14. Rae1
Rae8 15. f4 Kd8 16. Bh3 Qb6 17. Qa3 Kc7 18. f5 exf5 19. Bxf5 Nf8 20. c5 dxc5
21. e5 Ne6 22. Nxg6 hxg6 23. Bxg6 Ng5 24. Bxe8 1/2-1/2

[Event "SR 2. liga A 2014/2015"]
[Site "?"]
[Date "2014.10.12"]
[Round "2.1"]
[White "Sukuba, Zdeno"]
[Black "Bango, Lukas"]
[Result "1/2-1/2"]
[WhiteElo "2096"]
[BlackElo "1917"]
[PlyCount "37"]
[EventDate "2014.??.??"]

1. c4 Nf6 2. Nc3 e5 3. g3 d5 4. cxd5 Nxd5 5. Bg2 Nb6 6. d3 Be7 7. Nf3 Nc6 8.
O-O Be6 9. a3 O-O 10. b4 f6 11. Bb2 Qd7 12. Ne4 Bd5 13. Nc5 Qc8 14. Rc1 Rd8 15.
Nd2 a5 16. Bxd5+ Nxd5 17. Qb3 Kh8 18. b5 Nd4 19. Bxd4 1/2-1/2

[Event "SR 2. liga A 2014/2015"]
[Site "?"]
[Date "2014.10.12"]
[Round "2.1"]
[White "Horecky, Peter"]
[Black "Petreje, Juraj"]
[Result "0-1"]
[WhiteElo "1985"]
[BlackElo "2060"]
[PlyCount "94"]
[EventDate "2014.??.??"]

1. d4 Nf6 2. c4 g6 3. g3 Bg7 4. Bg2 O-O 5. Nc3 d6 6. Nf3 Nc6 7. O-O e5 8. d5
Ne7 9. e4 h6 10. Ne1 Nd7 11. Be3 f5 12. f4 exf4 13. gxf4 fxe4 14. Bxe4 Nf6 15.
Bf3 Bh3 16. Ng2 Nf5 17. Bf2 Re8 18. Qd2 Qd7 19. Rfe1 a6 20. Rad1 Rxe1+ 21. Rxe1
Re8 22. Rxe8+ Qxe8 23. Qe2 Qxe2 24. Nxe2 Ng4 25. Ba7 Bxb2 26. Ne1 Bf6 27. c5
Kf7 28. cxd6 cxd6 29. Nd3 Ke7 30. Nf2 Nxf2 31. Kxf2 Kd7 32. Be3 Ke7 33. Bb6 h5
34. Ng1 Bg4 35. h3 Bxf3 36. Nxf3 Kd7 37. Nd2 Ne7 38. Ne4 Nxd5 39. Nxf6+ Nxf6
40. Bd4 Ke6 41. Bb2 Kf5 42. Kf3 Nd5 43. Bc1 b5 44. a3 Ne7 45. Bd2 Ke6 46. Bc3
Kd5 47. Bg7 Nf5 0-1

[Event "SR 2. liga A 2014/2015"]
[Site "?"]
[Date "2014.10.12"]
[Round "2.1"]
[White "Povysil, Peter"]
[Black "Kozinka, Roman"]
[Result "1-0"]
[WhiteElo "1997"]
[BlackElo "2001"]
[PlyCount "55"]
[EventDate "2014.??.??"]

1. Nf3 Nf6 2. g3 d5 3. Bg2 c5 4. O-O Nc6 5. d3 e6 6. Nbd2 Be7 7. e4 O-O 8. Re1
Qc7 9. e5 Nd7 10. Qe2 b5 11. Nf1 Re8 12. Bf4 a5 13. h4 Bb7 14. N1h2 d4 15. Ng5
Bxg5 16. hxg5 Nb4 17. Ng4 Bxg2 18. Kxg2 Qb7+ 19. f3 Nf8 20. Rh1 Ng6 21. Kg1
Rec8 22. Nf6+ gxf6 23. gxf6 Kf8 24. Rxh7 c4 25. Qh2 Ke8 26. Qh6 Nd5 27. Qg7 Qc7
28. Qg8+ 1-0

[Event "SR 2. liga A 2014/2015"]
[Site "?"]
[Date "2014.10.12"]
[Round "2.1"]
[White "Mackovic, Miroslav"]
[Black "Mandak, Miroslav"]
[Result "1-0"]
[WhiteElo "1846"]
[BlackElo "2003"]
[PlyCount "85"]
[EventDate "2014.??.??"]

1. e4 c5 2. Nf3 Nc6 3. d4 cxd4 4. Nxd4 Nf6 5. Nc3 d6 6. Be2 e6 7. Be3 Be7 8.
O-O O-O 9. f4 Bd7 10. Bf3 Nxd4 11. Qxd4 Bc6 12. Rad1 Qa5 13. g4 Rfd8 14. g5 Ne8
15. Qd2 Qc7 16. Qg2 b6 17. f5 Kh8 18. Kh1 exf5 19. exf5 Bf8 20. Rd2 Bxf3 21.
Rxf3 Qc6 22. Kg1 d5 23. Bd4 Bc5 24. Kh1 Bxd4 25. Rxd4 Nc7 26. Rfd3 h6 27. a4 a5
28. Rd2 Kh7 29. Rg4 Kh8 30. Ne2 Rd6 31. Nd4 Qe8 32. Re2 Qxa4 33. Qg3 Qd7 34.
gxh6 Rxh6 35. Rxg7 Qd8 36. Rg5 Qf6 37. c3 b5 38. Rg2 Qd8 39. Nc6 Qf8 40. Ne7
Re8 41. Rg8+ Qxg8 42. Nxg8 Rh7 43. Nf6 1-0

[Event "SR 2. liga A 2014/2015"]
[Site "?"]
[Date "2014.10.12"]
[Round "2.1"]
[White "Kebis, Milos"]
[Black "Capanda, Jan"]
[Result "0-1"]
[WhiteElo "1942"]
[BlackElo "1762"]
[PlyCount "90"]
[EventDate "2014.??.??"]

1. Nf3 c5 2. c4 Nc6 3. Nc3 g6 4. e3 Nf6 5. d4 cxd4 6. exd4 d5 7. Be2 Bg7 8. O-O
O-O 9. Be3 a6 10. Ne5 Be6 11. Qa4 Na7 12. c5 Nd7 13. Nd3 Nc6 14. Nf4 Nf6 15.
Rfd1 Bd7 16. Qb3 Na5 17. Qc2 e6 18. b4 Nc6 19. Rab1 g5 20. Nd3 Ne4 21. Nxe4
dxe4 22. Ne1 f5 23. d5 exd5 24. Rxd5 f4 25. Bd2 Qe7 26. Bc3 Be6 27. Rd6 Bf5 28.
Bxg7 Qxg7 29. Rbd1 Kh8 30. Qb3 g4 31. Bc4 Rad8 32. Be6 Rxd6 33. cxd6 Nd4 34.
Qd5 Nxe6 35. d7 Nd8 36. Qd6 e3 37. Rd4 exf2+ 38. Kxf2 g3+ 39. Kg1 gxh2+ 40. Kh1
f3 41. Nxf3 Bh3 42. Rd2 Rxf3 43. Kxh2 Rf6 44. Qc7 Rf8 45. gxh3 Rg8 0-1

[Event "SR 2. liga A 2014/2015"]
[Site "?"]
[Date "2014.10.12"]
[Round "2.2"]
[White "Liptak, Tomas"]
[Black "Klemanic, Emil"]
[Result "1/2-1/2"]
[WhiteElo "2168"]
[BlackElo "2160"]
[PlyCount "91"]
[EventDate "2014.??.??"]

1. e4 d6 2. d4 Nf6 3. Nc3 e5 4. Nf3 Nbd7 5. Bc4 Be7 6. O-O O-O 7. Re1 c6 8. a4
b6 9. d5 cxd5 10. Nxd5 Nxd5 11. Bxd5 Rb8 12. b3 Nf6 13. Bc4 Bb7 14. Bd3 a6 15.
c4 a5 16. Nd2 Nd7 17. Nb1 Nc5 18. Nc3 Bg5 19. Be3 Bxe3 20. Rxe3 g6 21. Rb1 Ne6
22. Bc2 Nd4 23. Ne2 Nxc2 24. Qxc2 f5 25. Nc3 Qc7 26. Qd2 Qc5 27. Rd1 Rf6 28.
Rd3 Bxe4 29. Nxe4 fxe4 30. Rxd6 e3 31. Qd5+ Qxd5 32. R6xd5 exf2+ 33. Kf1 Rf5
34. R1d2 Rbf8 35. Re2 Re8 36. Rxf2 Kf7 37. Ke2 Ke6 38. Rf3 Kf6 39. Ke3 h5 40.
g3 g5 41. h3 g4 42. Rxf5+ Kxf5 43. h4 Re6 44. Rb5 Rd6 45. Rd5 Ke6 46. Rb5
1/2-1/2

[Event "SR 2. liga A 2014/2015"]
[Site "?"]
[Date "2014.10.12"]
[Round "2.2"]
[White "Gabris, Ondrej"]
[Black "Drtina, Milan"]
[Result "0-1"]
[WhiteElo "2251"]
[BlackElo "2175"]
[PlyCount "70"]
[EventDate "2014.??.??"]

1. e4 e5 2. Nf3 Nc6 3. d4 exd4 4. c3 d5 5. Bd3 dxc3 6. exd5 Qxd5 7. Nxc3 Bb4 8.
Qe2+ Nge7 9. Be4 Qc5 10. O-O Bxc3 11. bxc3 O-O 12. Rb1 a6 13. Bf4 Na5 14. Nd4
Ng6 15. Be3 Qe7 16. Qf3 Re8 17. Bc2 Nc4 18. Bc1 c5 19. Nb3 Be6 20. Qh5 Rac8 21.
f4 f5 22. Bxf5 Bxf5 23. Qxf5 Ne3 24. Bxe3 Qxe3+ 25. Kh1 c4 26. Na5 Rc5 27. Qd7
Rxa5 28. f5 Nf8 29. Qc7 Qc5 30. Qg3 Re7 31. Qg4 Rf7 32. f6 h5 33. Qe4 Qd5 34.
Qe2 Qd3 35. Qb2 Rb5 0-1

[Event "SR 2. liga A 2014/2015"]
[Site "?"]
[Date "2014.10.12"]
[Round "2.2"]
[White "Kovacocy, Pavel"]
[Black "Madar, Martin"]
[Result "0-1"]
[WhiteElo "2192"]
[BlackElo "2174"]
[PlyCount "168"]
[EventDate "2014.??.??"]

1. c4 Nf6 2. g3 g6 3. Bg2 Bg7 4. Nc3 O-O 5. e4 e5 6. Nge2 d6 7. d3 c6 8. O-O
Na6 9. h3 Be6 10. f4 Qd7 11. g4 exf4 12. Nxf4 Qe7 13. Nxe6 fxe6 14. Bf4 Nd7 15.
Qd2 Ne5 16. Ne2 Qc7 17. Rad1 Qb6+ 18. Kh1 Nb4 19. Nc1 c5 20. Rf2 Rf7 21. Rdf1
Raf8 22. b3 Nbc6 23. Be3 Rxf2 24. Rxf2 Qd8 25. a3 Rxf2 26. Bxf2 Qf8 27. Be3 a5
28. g5 Nf3 29. Qf2 Nfd4 30. Kg1 Qxf2+ 31. Kxf2 Nc2 32. a4 Nxe3 33. Kxe3 Bd4+
34. Kf4 Bc3 35. Ke3 Bd4+ 36. Kf4 Ne5 37. Bf1 Bc3 38. Ke3 Bd4+ 39. Kf4 Bc3 40.
Ke3 Nf7 41. Ne2 Be1 42. d4 e5 43. dxc5 dxc5 44. Nc1 Nxg5 45. Nd3 Bc3 46. Bg2
Ne6 47. Bf3 b6 48. Kf2 Kf7 49. Kg3 Kf6 50. h4 h5 51. Bd1 Bd2 52. Kf3 g5 53.
hxg5+ Nxg5+ 54. Kg2 Nxe4 55. Bxh5 Nd6 56. Kf2 e4 57. Nb2 Bc3 58. Nd1 Bd4+ 59.
Ke1 Kg5 60. Be2 e3 61. Bf3 Kf4 62. Bh5 Ne4 63. Bg6 Nd2 64. Bc2 Kf3 65. Nxe3
Kxe3 66. Kd1 Be5 67. Ke1 Nf3+ 68. Kd1 Kd4 69. Ke2 Kc3 70. Bd1 Nd4+ 71. Ke3 Nxb3
72. Ke4 Kxc4 73. Kxe5 Kb4 74. Kd5 Kxa4 75. Kc4 b5+ 76. Kc3 c4 77. Kb2 Kb4 78.
Bc2 c3+ 79. Kb1 Nd4 80. Bg6 c2+ 81. Kb2 a4 82. Bf7 a3+ 83. Kc1 Kc3 84. Bc4 a2
0-1

[Event "SR 2. liga A 2014/2015"]
[Site "?"]
[Date "2014.10.12"]
[Round "2.2"]
[White "Hartl, Jan"]
[Black "Arendas, Marek"]
[Result "1/2-1/2"]
[WhiteElo "2082"]
[BlackElo "2104"]
[PlyCount "141"]
[EventDate "2014.??.??"]

1. e4 c6 2. d4 d5 3. f3 e6 4. Nc3 Be7 5. Be3 Nf6 6. exd5 Nxd5 7. Nxd5 exd5 8.
Bd3 Qa5+ 9. c3 Nd7 10. Ne2 Bh4+ 11. g3 Be7 12. O-O Qc7 13. Rf2 h5 14. Qd2 Nf6
15. Bf4 Qb6 16. Re1 O-O 17. Bg5 Bd7 18. h4 Rae8 19. Nf4 Bd8 20. Bxf6 Bxf6 21.
Nxh5 Bd8 22. b4 Rxe1+ 23. Qxe1 Re8 24. Re2 Rxe2 25. Qxe2 Qc7 26. Kf2 g6 27. Qe3
Qd6 28. Qh6 Qf8 29. Qxf8+ Kxf8 30. Nf4 g5 31. Ng2 gxh4 32. Nxh4 a5 33. a3 axb4
34. axb4 Bf6 35. f4 Bg4 36. Be2 Bd7 37. Nf3 Bf5 38. Ne5 Bd8 39. Bg4 Bc2 40. Bc8
f6 41. Ng4 b6 42. Ne3 Ba4 43. Kf3 Kf7 44. g4 Bb5 45. Bf5 Be7 46. Bd7 Ba4 47.
Bf5 Bd8 48. Bd3 Be7 49. Kg3 Bd6 50. Kf3 Be7 51. Bc2 Bb5 52. Nf5 Bf8 53. g5 fxg5
54. fxg5 c5 55. bxc5 bxc5 56. Kf4 Bc4 57. Ke5 cxd4 58. Nxd4 Bg7+ 59. Kf5 Ba6
60. Kf4 Bc4 61. Bd1 Bd3 62. Bh5+ Ke7 63. Bg4 Kd6 64. Bf5 Bf1 65. Bc2 Bh3 66.
Kg3 Bd7 67. Kf4 Be5+ 68. Ke3 Kc5 69. Bd3 Bg4 70. Bf5 Bxf5 71. Nxf5 1/2-1/2

[Event "SR 2. liga A 2014/2015"]
[Site "?"]
[Date "2014.10.12"]
[Round "2.2"]
[White "Puskar, Peter"]
[Black "Syrovy, Ivan"]
[Result "1/2-1/2"]
[WhiteElo "2051"]
[BlackElo "2017"]
[PlyCount "67"]
[EventDate "2014.??.??"]

1. d4 f5 2. g3 Nf6 3. Bg2 c6 4. Nf3 g6 5. O-O Bg7 6. c4 d5 7. Ne5 Nbd7 8. cxd5
Nxe5 9. dxe5 Nxd5 10. Bxd5 cxd5 11. Qd4 e6 12. Nc3 Bd7 13. b3 Qb6 14. Be3 Qxd4
15. Bxd4 b6 16. Rfc1 O-O 17. f4 Rfc8 18. Kf2 Bf8 19. a4 Bc5 20. Ke3 Rc7 21. Na2
Rac8 22. Rc3 Kf8 23. Rac1 Ke8 24. R1c2 Kd8 25. Nc1 Bb4 26. Rxc7 Rxc7 27. Rxc7
Kxc7 28. Nd3 Be7 29. Kd2 h6 30. e3 a5 31. Bc3 Kb7 32. Bd4 b5 33. Bc5 Bd8 34.
Bf8 1/2-1/2

[Event "SR 2. liga A 2014/2015"]
[Site "?"]
[Date "2014.10.12"]
[Round "2.2"]
[White "Hulla, Stanislav"]
[Black "Puchart, Vladimir"]
[Result "0-1"]
[WhiteElo "1959"]
[BlackElo "2031"]
[PlyCount "79"]
[EventDate "2014.??.??"]

1. d4 Nf6 2. c4 e6 3. Nf3 b6 4. e3 Bb7 5. Bd3 Be7 6. Nc3 d5 7. O-O O-O 8. b3
Nbd7 9. Bb2 c5 10. Qe2 Rc8 11. Rac1 Ne4 12. Rfd1 Ndf6 13. Ne5 Qc7 14. f3 Nxc3
15. Rxc3 Rfd8 16. Rc2 Qb8 17. Qf2 cxd4 18. exd4 g6 19. Qe2 Rc7 20. Re1 Qc8 21.
Rec1 Qb8 22. a3 Rcc8 23. Kh1 Ba6 24. Re1 Qd6 25. Qe3 dxc4 26. bxc4 Bb7 27. Rec1
Nd7 28. Ng4 Bf8 29. Nh6+ Kg7 30. Ng4 f6 31. h4 Re8 32. h5 g5 33. Be4 Bxe4 34.
fxe4 Qe7 35. e5 fxe5 36. d5 exd5 37. cxd5 Rxc2 38. Rxc2 Kg8 39. h6 Qf7 40. Kg1
0-1

[Event "SR 2. liga A 2014/2015"]
[Site "?"]
[Date "2014.10.12"]
[Round "2.2"]
[White "Doucha, Ludvik"]
[Black "Zacik, Anton"]
[Result "1/2-1/2"]
[WhiteElo "2006"]
[BlackElo "1936"]
[PlyCount "27"]
[EventDate "2014.??.??"]

1. e4 c5 2. c4 Nc6 3. Ne2 g6 4. d4 cxd4 5. Nxd4 Bg7 6. Be3 Nf6 7. Nc3 d6 8. Be2
O-O 9. O-O Bd7 10. Rc1 Nxd4 11. Bxd4 Bc6 12. Qd3 Nd7 13. Be3 Nc5 14. Bxc5
1/2-1/2

[Event "SR 2. liga A 2014/2015"]
[Site "?"]
[Date "2014.10.12"]
[Round "2.2"]
[White "Feder, Marek"]
[Black "Sturdik, Igor"]
[Result "0-1"]
[WhiteElo "1848"]
[BlackElo "1990"]
[PlyCount "80"]
[EventDate "2014.??.??"]

1. e4 Nf6 2. Nc3 d5 3. exd5 Nxd5 4. Bc4 e6 5. Nf3 Be7 6. O-O Nxc3 7. dxc3 Qxd1
8. Rxd1 c5 9. Bf4 Nc6 10. Ne5 Nxe5 11. Bxe5 f6 12. Bd6 Bd7 13. Rd2 Bxd6 14.
Rxd6 Ke7 15. Rd2 Rad8 16. Re1 Bc8 17. Rde2 Rd6 18. f4 Rhd8 19. Bd3 h6 20. Kf2
b6 21. g4 g5 22. fxg5 hxg5 23. Kg3 e5 24. Re4 a5 25. b4 cxb4 26. cxb4 Rd4 27.
bxa5 bxa5 28. Rxd4 Rxd4 29. Re4 Rxe4 30. Bxe4 Kd6 31. h4 gxh4+ 32. Kxh4 Kc5 33.
Kh5 Kd4 34. Bc6 e4 35. g5 fxg5 36. Kxg5 e3 37. Bb5 Be6 38. Kf4 Bxa2 39. Kf3
Bd5+ 40. Ke2 Bc4+ 0-1